000 00700nam a2200265Ia 4500
005 20260121171838.0
008 008 260114s9999 xx 000 0 eng d
020 _a9783030486419
037 _aEBOOK
040 _aCRL
040 _beng
040 _cCRL
041 _2eng
041 _aeng
084 _qCRL
100 _aDanielle Costa Morais, Liping Fang, Masahide Horita
_91081155
245 0 _aGroup Decision and Negotiation: A Multidisciplinary Perspective
260 _bSpringer
260 _bSpringer
260 _c2020
856 _uhttps://link.springer.com/openurl?genre=book&isbn=978-3-030-48641-9
942 _cEBOOK
999 _c1646888
_d1646888